000 01023cab a2200289 4500
001 ABS57559
008 090401t1997 xxu||||| |||| 00| 0 eng d
035 _a(Sirsi) u80709
041 _aeng
100 _aCheetham, D.W.
245 _aDevelopment and implementation of a system of financial planning and control for a medium sized building contractor
260 _c1997
350 _a0
490 _aJournal of Financial Management of Property and Construction
_v2(1) March 1997, 5-34(28)
520 _aDemonstrates how a `paper based` system can be implemented to improve the financial control of moderately sized construction firms. References.
650 _aMANAGEMENT-BUSINESS MANAGEMENT-FINANCIAL MANAGEMENT-ACCOUNTING
650 _aCASH FLOW
650 _aCONSTRUCTION COMPANIES
650 _aCONTRACTORS
650 _aFINANCIAL PLANNING
650 _aTURNOVER FORECASTS
690 _aBUILT ENVIRONMENT
700 _aKaka, A.P.
700 _aHumpreys, G.
942 _n0
948 _c08/09/1997
999 _c50811
_d50811